Learning Resource and Development

The Casanova embrace / (Record no. 19767)

MARC details
000 -LEADER
fixed length control field 00820nam a2200241 i 4500
001 - CONTROL NUMBER
control field casanovaembrace00adle
003 - CONTROL NUMBER IDENTIFIER
control field CaSfIA
005 - DATE AND TIME OF LATEST TRANSACTION
control field 20230525154912.0
007 - PHYSICAL DESCRIPTION FIXED FIELD--GENERAL INFORMATION
fixed length control field cr||||
008 - FIXED-LENGTH DATA ELEMENTS--GENERAL INFORMATION
fixed length control field 780517s1978 nyu 000 1 eng
035 ## - SYSTEM CONTROL NUMBER
-- (DLC) 77018423
010 ## - LIBRARY OF CONGRESS CONTROL NUMBER
LC control number 77018423
020 ## - INTERNATIONAL STANDARD BOOK NUMBER
International Standard Book Number 0399121072 :
Terms of availability $9.95
040 ## - CATALOGING SOURCE
Original cataloging agency DLC
Transcribing agency DLC
Modifying agency DLC
-- CaSfIA
050 00 - LIBRARY OF CONGRESS CALL NUMBER
Classification number PZ4.A239
Item number Cas
Classification number PS3551.D64
082 00 - DEWEY DECIMAL CLASSIFICATION NUMBER
Classification number 813/.5/4
100 1# - MAIN ENTRY--PERSONAL NAME
Personal name Adler, Warren.
245 14 - TITLE STATEMENT
Title The Casanova embrace /
Medium [electronic resource]
Statement of responsibility, etc. by Warren Adler.
260 ## - PUBLICATION, DISTRIBUTION, ETC.
Place of publication, distribution, etc. New York :
Name of publisher, distributor, etc. Putnam,
Date of publication, distribution, etc. c1978.
300 ## - PHYSICAL DESCRIPTION
Extent 383 p. ;
Dimensions 23 cm.
856 41 - ELECTRONIC LOCATION AND ACCESS
Uniform Resource Identifier <a href="http://www.archive.org/details/casanovaembrace00adle">http://www.archive.org/details/casanovaembrace00adle</a>
Public note Free eBook from the Internet Archive
856 42 - ELECTRONIC LOCATION AND ACCESS
Uniform Resource Identifier <a href="http://www.openlibrary.org/books/OL4549947M">http://www.openlibrary.org/books/OL4549947M</a>
Public note Additional information and access via Open Library
Holdings
Withdrawn status Lost status Damaged status Not for loan Collection Home library Current library Date acquired Total Checkouts Full call number Date last seen Price effective from Koha item type
        Project Gutenberg Main Library Main Library 05/25/2023   PZ4.A239 Cas PS3551.D64 05/25/2023 05/25/2023 EBooks